Catálogo - Centro de Recursos para el Aprendizaje y la Investigación

Volver al Sitio - CRAI Biblioteca

Apuntes para una clase de derecho constitucional y territorial ecuatoriano / (Registro nro. 114674)

Detalles MARC
000 -CABECERA
campo de control de longitud fija 00889nam a22002417a 4500
001 - NÚMERO DE CONTROL
campo de control 114674
003 - IDENTIFICADOR DEL NÚMERO DE CONTROL
campo de control DR-UNIBE
005 - FECHA Y HORA DE LA ÚLTIMA TRANSACCIÓN
campo de control 20260520115334.0
008 - DATOS DE LONGITUD FIJA--INFORMACIÓN GENERAL
campo de control de longitud fija 260520b2001 ec ||||| |||| 00| 0 spa d
020 ## - NÚMERO INTERNACIONAL ESTÁNDAR DEL LIBRO
Número Internacional Estándar del Libro 9978420118
040 ## - FUENTE DE LA CATALOGACIÓN
Centro catalogador/agencia de origen BIBLIOTECA UNIBE
Centro/agencia transcriptor BIBLIOTECA UNIBE
Normas de descripción rda
041 ## - CÓDIGO DE LENGUA
Código de lengua del texto/banda sonora o título independiente spa
082 ## - NÚMERO DE LA CLASIFICACIÓN DECIMAL DEWEY
Número de clasificación 342.866 B734a
100 ## - ENTRADA PRINCIPAL--NOMBRE DE PERSONA
9 (RLIN) 205232
Nombre de persona Borja Gallegos, Fernando
Término indicativo de función/relación autor
245 10 - MENCIÓN DE TÍTULO
Título Apuntes para una clase de derecho constitucional y territorial ecuatoriano /
Mención de responsabilidad, etc. Fernando Borja Gallegos
260 ## - PUBLICACIÓN, DISTRIBUCIÓN, ETC.
Lugar de publicación, distribución, etc. Quito :
Nombre del editor, distribuidor, etc. Digital Press,
Fecha de publicación, distribución, etc. 2005
300 ## - DESCRIPCIÓN FÍSICA
Extensión 247 páginas
500 ## - NOTA GENERAL
Nota general En la cubierta: Aquí existió un país : su noble pueblo no pudo contra la corrupción : enero 2005.
650 #7 - PUNTO DE ACCESO ADICIONAL DE MATERIA--TÉRMINO DE MATERIA
Fuente del encabezamiento o término lemb
Término de materia o nombre geográfico como elemento de entrada Derecho constitucional
Subdivisión geográfica Ecuador
9 (RLIN) 205237
650 #7 - PUNTO DE ACCESO ADICIONAL DE MATERIA--TÉRMINO DE MATERIA
Fuente del encabezamiento o término lemb
Término de materia o nombre geográfico como elemento de entrada Corrupción política
Subdivisión geográfica Ecuador
Subdivisión cronológica Siglo XXI
9 (RLIN) 205238
653 00 - TÉRMINO DE INDIZACIÓN--NO CONTROLADO
Término no controlado Derecho territorial -- Ecuador
942 ## - ELEMENTOS DE PUNTO DE ACCESO ADICIONAL (KOHA)
Fuente del sistema de clasificación o colocación Sistema de Clasificación Decimal Dewey
Tipo de ítem Koha Libro (general)
Existencias
Estado de retiro Estado de pérdida Fuente del sistema de clasificación o colocación No para préstamo Código de colección Localización permanente Fecha de adquisición Total de préstamos Signatura topográfica completa Código de barras Fecha visto por última vez Número de copia Precio válido a partir de Tipo de ítem Koha
  Disponible Sistema de Clasificación Decimal Dewey   General Biblioteca Central UNIBE 03/02/2026   342.866 B734a 260285 20/05/2026 Ej. 1 20/05/2026 Libro (general)